| Tag |
First Indicator |
Second Indicator |
Subfields |
| LEADER |
00000cam a22000005i 4500 |
| 001 |
in00003728113 |
| 005 |
20210728125332.0 |
| 006 |
m o d |
| 007 |
cr nn 008mamaa |
| 008 |
151013s2011 xxu| o |||| 0|eng d |
| 020 |
|
|
|a 9780230119635
|9 978-0-230-11963-5
|
| 024 |
7 |
|
|a 10.1057/9780230119635
|2 doi
|
| 035 |
|
|
|a (DE-He213)978-0-230-11963-5
|
| 035 |
|
|
|a 5305130
|
| 040 |
|
|
|d UtOrBLW
|
| 043 |
|
|
|a n------
|a n-us---
|
| 072 |
|
7 |
|a HBJK
|2 bicssc
|
| 072 |
|
7 |
|a HIS038000
|2 bisacsh
|
| 082 |
0 |
4 |
|a 900
|2 23
|
| 090 |
|
|
|a HE9803.A3
|b D637 2011
|
| 100 |
1 |
|
|a Dobson, Alan P.,
|e author.
|0 http://id.loc.gov/authorities/names/n85183457
|
| 245 |
1 |
0 |
|a FDR and Civil Aviation :
|b Flying Strong, Flying Free /
|c by Alan P. Dobson.
|
| 264 |
|
1 |
|a New York :
|b Palgrave Macmillan US :
|b Imprint: Palgrave Macmillan,
|c 2011.
|
| 300 |
|
|
|a 1 online resource (292 pages)
|
| 336 |
|
|
|a text
|b txt
|2 rdacontent
|
| 337 |
|
|
|a computer
|b c
|2 rdamedia
|
| 338 |
|
|
|a online resource
|b cr
|2 rdacarrier
|
| 347 |
|
|
|a text file
|b PDF
|2 rda
|
| 490 |
1 |
|
|a The World of the Roosevelts
|
| 500 |
|
|
|a Electronic resource.
|
| 520 |
|
|
|a Drawing on his knowledge of the technical aspects of civil aviation, Alan P. Dobson's history of the international aviation system, from 1945 to the present day, stresses the hitherto unacknowledged role Franklin D. Roosevelt played in implementing the principles that came to govern the entire global aviation system.
|
| 650 |
1 |
4 |
|a History.
|
| 650 |
2 |
4 |
|a Cultural History.
|
| 650 |
2 |
4 |
|a Economic History.
|
| 650 |
2 |
4 |
|a History of the Americas.
|
| 650 |
2 |
4 |
|a Modern History.
|
| 650 |
2 |
4 |
|a Social History.
|
| 650 |
2 |
4 |
|a US History.
|
| 650 |
|
0 |
|a Civilization
|x History.
|0 http://id.loc.gov/authorities/subjects/sh85026424
|
| 650 |
|
0 |
|a Economic history.
|0 http://id.loc.gov/authorities/subjects/sh85040817
|
| 650 |
|
0 |
|a History, Modern.
|0 http://id.loc.gov/authorities/subjects/sh85061236
|
| 650 |
|
0 |
|a History.
|0 http://id.loc.gov/authorities/subjects/sh85061212
|
| 650 |
|
0 |
|a Social history.
|0 http://id.loc.gov/authorities/subjects/sh85123948
|
| 651 |
|
0 |
|a America
|x History.
|0 http://id.loc.gov/authorities/subjects/sh85004263
|
| 651 |
|
0 |
|a United States
|x History.
|0 http://id.loc.gov/authorities/subjects/sh85140130
|
| 655 |
|
7 |
|a Electronic books.
|2 local
|
| 710 |
2 |
|
|a SpringerLink (Online service)
|0 http://id.loc.gov/authorities/names/no2005046756
|
| 773 |
0 |
|
|t Springer eBooks
|
| 776 |
1 |
8 |
|i Printed edition:
|z 9781349290307
|
| 830 |
|
0 |
|a World of the Roosevelts.
|0 http://id.loc.gov/authorities/names/no2003103578
|
| 856 |
4 |
0 |
|u http://proxy.library.tamu.edu/login?url=https://dx.doi.org/10.1057/9780230119635
|z Connect to the full text of this electronic book
|t 0
|
| 999 |
f |
f |
|s abfdaa1e-9e6d-32b2-8294-9b1c55b17438
|i 8ce12a60-30bb-32c9-9995-1d06f971f272
|t 0
|
| 952 |
f |
f |
|a Texas A&M University
|b College Station
|c Electronic Resources
|d Available Online
|t 0
|e HE9803.A3 D637 2011
|h Library of Congress classification
|
| 998 |
f |
f |
|a HE9803.A3 D637 2011
|t 0
|l Available Online
|